| 000 | 00611nam a22002177a 4500 | ||
|---|---|---|---|
| 003 | KOHA_MİRAKIL | ||
| 005 | 20260325131809.0 | ||
| 008 | 260325b tu ||||| |||| 00| 0 tur d | ||
| 020 | _a9786257163255 | ||
| 040 |
_aTR-AnABB _btur _cTR-AnABB |
||
| 041 | _atur | ||
| 082 |
_a190.9 _bRUS 2021 |
||
| 100 | 1 | _aRussel, Bertrand | |
| 245 | 1 | 0 |
_aİktidar / _cBertrand Russel ; çeviren: Mete Ergin |
| 250 | _a2. basım | ||
| 260 |
_aİstanbul : _bCem Yayınevi, _c2021 |
||
| 300 |
_a290 sayfa ; _c20 cm |
||
| 650 | 0 | 4 | _aBatı felsefesi |
| 700 | 1 |
_aErgin, Mete, _eçeviren _93141 |
|
| 942 |
_2ddc _cBK |
||
| 999 |
_c10044 _d10044 |
||
| 900 | _bCan ÇELIK | ||